00721nam a22002177a 4500999001500000001000600015003000900021005001700030008004100047020001500088040002800103082001600131100002300147245008400170260004200254300002700296650003000323700002400353942001200377952011400389 c3740d374019382BD-DhUAP20210130160608.0200311s2005 bg d 001 0 eng  a8185617767 aDLCcDLCdBD-DhUAPbEng00223a423 SPE1 aSpears, Richard A.12aViva's dictionary of English idioms /cRichard A. Spears and Betty Kirkpatrick. aDhaka :bFriends book corner,cc2005. ax, 470 pages ;c24 cm. aEnglish languagevIdioms. aKirkpatrick, Betty. 2ddccBK 00102ddc4070aUAPCLbUAPCLcGeneral Stacksd2020-03-11o423 SPEp3010019382r2020-03-11t1w2020-03-11yBK